| Tag |
First Indicator |
Second Indicator |
Subfields |
| LEADER |
00000cam a2200000 a 4500 |
| 001 |
in00000517721 |
| 005 |
20151013074259.0 |
| 008 |
791011s1979 fr a b 00010 eng d |
| 020 |
|
|
|a 9264119132
|
| 035 |
|
|
|a (OCoLC)05516526
|
| 035 |
|
|
|9 ACE6710AM
|
| 040 |
|
|
|a TRL
|c TRL
|d OCL
|d TXA
|d UtOrBLW
|
| 049 |
|
|
|a TXAM
|c [1658524]
|
| 090 |
|
|
|a TD886.5
|b .O85 1979
|
| 110 |
2 |
|
|a Organisation for Economic Co-operation and Development.
|
| 245 |
1 |
4 |
|a The cost and effectiveness of automotive exhaust emission control regulations /
|c Organisation for Economic Co-operation and Development.
|
| 264 |
|
1 |
|a Paris :
|b OECD,
|c 1979.
|
| 300 |
|
|
|a 94 pages :
|b illustrations ;
|c 24 cm.
|
| 336 |
|
|
|a text
|b txt
|2 rdacontent
|
| 337 |
|
|
|a unmediated
|b n
|2 rdamedia
|
| 338 |
|
|
|a volume
|b nc
|2 rdacarrier
|
| 490 |
0 |
|
|a Document - Organization for Economic Cooperation and Development
|
| 504 |
|
|
|a Includes bibliographical references.
|
| 650 |
|
0 |
|a Motor vehicles
|x Pollution control devices.
|
| 650 |
|
0 |
|a Air
|x Pollution.
|
| 999 |
|
|
|a MARS
|
| 999 |
f |
f |
|s 7cca120a-fe06-3bfa-ba5e-3805514eb413
|i e1503f0a-3476-3b42-a354-9a1c25c215db
|t 0
|
| 952 |
f |
f |
|p ric
|a Texas A&M University
|b Rellis Campus
|c Joint Library Facility
|d Remote Storage
|t 0
|e TD886.5 .O85 1979
|h Library of Congress classification
|i unmediated -- volume
|m A14807914809
|
| 998 |
f |
f |
|a TD886.5 .O85 1979
|t 0
|l Remote Storage
|